| 000 | 00425nam a22001697a 4500 | ||
|---|---|---|---|
| 003 | MACL | ||
| 005 | 20160216124639.0 | ||
| 008 | 160216b xxu||||| |||| 00| 0 eng d | ||
| 040 | _cMACL | ||
| 041 | _aEnglish | ||
| 082 | _a070/DEV | ||
| 100 |
_aDevi Meena _938457 |
||
| 245 | _aEditing And Reporting In Journalism | ||
| 260 |
_aPratapgarh (U.P) _bAnita Pustak Sadan _c2008 |
||
| 650 |
_aMedia _938458 |
||
| 942 |
_2ddc _cBK |
||
| 999 |
_c53323 _d53323 |
||